Fórum Universal de las Culturas: Valparaíso 2010
Na minha lista:
| Main Authors: | , |
|---|---|
| Formato: | Livro |
| Idioma: | espanhol |
| Publicado em: |
Valparaíso
Ilustre Municipalidad de Valparaíso
2010
|
| Assuntos: | |
| Tags: |
Adicionar Tag
Sem tags, seja o primeiro a adicionar uma tag!
|
MARC
| LEADER | 00000nam a2200000 a 4500 | ||
|---|---|---|---|
| 001 | UCG1038 | ||
| 003 | CL-VaPUC | ||
| 008 | 100415e20100000CL |||||||||||||||||spa|d | ||
| 082 | 0 | 4 | |a 301.098 |b ULL |2 21 |
| 100 | 0 | |a Ulloa, Claudia |e author |9 548757 | |
| 700 | 0 | |a Briceño, Carlos |e author |9 548758 | |
| 245 | 1 | 0 | |a Fórum Universal de las Culturas: Valparaíso 2010 |
| 300 | |a 39 p | ||
| 942 | |c BK | ||
| 945 | |d 20100415 00:00:00 |a dcastane | ||
| 260 | |a Valparaíso |b Ilustre Municipalidad de Valparaíso |c 2010 | ||
| 650 | 7 | |a FOROS |2 CL-VaPUC |9 548759 | |
| 650 | 0 | |a Participación ciudadana |9 330304 | |
| 650 | 0 | |a Jóvenes |9 326981 | |
| 650 | 7 | |a CULTURA CHILENA |2 CL-VaPUC |9 321109 | |
| 650 | 0 | |a Sociedad |9 307903 | |
| 650 | 0 | |a Organizaciones culturales |9 350598 | |
| 583 | |a last modification |c 20100415 00:00:00 |k Rodrigo Vera | ||
| 999 | |c 340503 |d 340501 | ||
| 952 | |0 0 |1 0 |4 0 |6 301_098000000000000_ULL_2010 |7 0 |8 A |9 435287 |a BIBGIM |b BIBGIM |d 2019-11-22 |i 4656261 |o 301.098 ULL 2010 |p 4656261 |r 2025-01-15 |w 2019-11-22 |y BK |k GIM | ||